000 00448nam a2200157Ia 4500
005 20250423094841.0
008 250422s9999 xx 000 0 und d
020 _a9788189757731
050 _aQA 76.9 .S25/
100 _aSaini, S.P.S.
245 0 _aComputer system architecture and organisation
260 _c2012
300 _a346 p
650 _a Computer organization. System design--Data processing. Computer architecture.
942 _cBK
999 _c28484
_d28484